UBT Library

Pre-algebra / (Record no. 1003)

000 -LEADER
fixed length control field 00475nam a22001697a 4500
008 - FIXED-LENGTH DATA ELEMENTS--GENERAL INFORMATION
fixed length control field 150608b xxu||||| |||| 00| 0 eng d
020 ## - INTERNATIONAL STANDARD BOOK NUMBER
International Standard Book Number 9780071772785
041 0# - LANGUAGE CODE
Language code of text/sound track or separate title eng
080 ## - UNIVERSAL DECIMAL CLASSIFICATION NUMBER
Universal Decimal Classification number 512.1
100 1# - Rafti
Rafti Muschla-Berry, Erin.
245 10 - TITLE STATEMENT
Title Pre-algebra /
Statement of responsibility, etc Erin Muschla-Berry.
260 ## -
-- New York :
-- McGraw Hill,
-- c2013.
300 ## -
-- 145 f. :
-- me il. ;
-- 28 cm.
490 #0 -
-- Practice makes perfect
650 #0 -
-- Matematikë
-- Probleme, ushtrime, etj.
942 ## - ADDED ENTRY ELEMENTS (KOHA)
Source of classification or shelving scheme
Item type Books
Holdings
Withdrawn status Lost status Source of classification or shelving scheme Damaged status Not for loan Collection code Permanent location Current location Shelving location Date acquired Total Checkouts Full call number Date last seen Price effective from Koha item type
          Koleksioni i përgjithshem UBT - Lipjan UBT - Lipjan Koleksioni i përgjithshem 06/08/2015   512.1 MUS 06/08/2015 06/08/2015 Books
UBT Library © 2015-2024. All rights reserved University Education for Business and Technology